000 00794nam a2200241 i 4500
001 186943
003 SpMaBN
005 20230906222758.0
008 170306q1957 sp a |||| |dspa d
080 _a75(44)"18"
100 1 _aFosca, François.
_951889
245 1 3 _aLa pintura francesa del siglo XIX :
_b1800-1870 /
_cFrançois Fosca ; traducción de Elisabeth Mulder.
260 _aMadrid ;
_aBarcelona :
_bGarriga,
_c[ca. 1957]
300 _a151 p. :
_bil. col. ;
_c24 cm.
490 1 _aPictura ;
_v4
504 _aBibliografía: p. 149.
599 _aCon lám. col. adheridas.
650 7 _aPintura francesa-
_yS.XIX.
_9156487
700 1 _aMulder, Elisabeth.
_984098
830 1 _aPictura ;
_v4
_9192713
852 _aES-MaACL
_jL-31186
_z- Enc. tela
999 _c186943
_d186943